| 000 | 00556nam a2200205Ia 4500 | ||
|---|---|---|---|
| 003 | BUBTL | ||
| 008 | 151213s9999 xx 000 0 und d | ||
| 082 | _a349.54/J254o | ||
| 100 |
_aJain M. P. _94141 |
||
| 245 |
_aOutlines of Indian Legal History _cM. P. Jain |
||
| 250 | _a5th | ||
| 260 |
_aAgra ( India ) _bLow Publicaton _cc1990 |
||
| 300 |
_a[xvii] , 717p . : _bill . ; 22cm. |
||
| 650 |
_aLaw _94142 |
||
| 650 |
_aLaw _94142 |
||
| 700 |
_aM. P . Jain _94143 |
||
| 856 |
_k0 _l0 _yDownload |
||
| 942 |
_2ddc _cBK |
||
| 999 |
_c2448 _d2448 |
||